Mukims (Subdistricts) of Brunei with a Map - Statistics

General Stats
  • This quiz has been taken 202 times
  • The average score is 23 of 39
Answers on the Map
Answers color-coded by a green-red scale on the quiz's map according to % correct below.
 
Answer Stats
District Mukim % Correct
Belait Kuala Belait
81%
Belait Seria
76%
Belait Labi
73%
Brunei-Muara Gadong A
68%
Brunei-Muara Gadong B
68%
Brunei-Muara Berakas A
65%
Brunei-Muara Berakas B
65%
Belait Liang
65%
Belait Melilas
65%
Belait Bukit Sawat
62%
Belait Kuala Balai
62%
Temburong Labu
62%
Belait Sukang
62%
Temburong Bangar
59%
Tutong Keriam
59%
Brunei-Muara Mentiri
59%
Tutong Pekan Tutong
59%
Tutong Rambai
59%
Brunei-Muara Saba
59%
Tutong Kiudang
57%
Tutong Lamunin
57%
Tutong Telisai
57%
Brunei-Muara Kianggeh
54%
Brunei-Muara Kota Batu
54%
Brunei-Muara Sengkurong
54%
Brunei-Muara Serasa
54%
Brunei-Muara Sungai Kedayan
54%
Tutong Tanjong Maya
54%
Tutong Ukong
54%
Temburong Amo
51%
Temburong Batu Apoi
51%
Temburong Bokok
51%
Brunei-Muara Burong Pingai Ayer
51%
Brunei-Muara Kilanas
51%
Brunei-Muara Lumapas
51%
Brunei-Muara Pangkalan Batu
51%
Brunei-Muara Peramu
51%
Brunei-Muara Tamoi
51%
Brunei-Muara Sungai Kebun
49%
No matching quizzes found
Score Distribution
Percent of People with Each Score
Percentile by Number Answered
Your Score History
You have not taken this quiz